| 000 | 00397 a2200133 4500 | ||
|---|---|---|---|
| 001 | ART_61051 | ||
| 005 | 20260410161802.0 | ||
| 008 | 260409a | ||
| 245 | 1 | 0 | _aDeducción de gastos incurridos en el exterior |
| 100 | 1 | _aGotlib, Gabriel | |
| 700 | 1 | _aVaquero, Fernando M. | |
| 700 | 1 | _aMazzilli, Santiago T. | |
| 773 | 0 |
_tDoctrina tributaria _g- N° 532 (jul. 2024) _wREV4296 |
|
| 999 |
_c20641 _d20641 |
||